| 000 | 02084nam0a2200325 i 4500 | ||
|---|---|---|---|
| 001 | RU\NLR\BIBL_A\010523358 | ||
| 005 | 20260408062824.0 | ||
| 010 |
_a9785757919720 _9500 |
||
| 021 |
_aRU _b2014-65288 _93981 |
||
| 035 | _a(NILC)RuMoRGB-007545631 | ||
| 035 | _a(NLR Aleph) 010523358 | ||
| 090 |
_a10223160 _c10223160 |
||
| 100 | _a20141105d2014 k y0rusy50 ca | ||
| 101 | 0 | _arus | |
| 102 | _aRU | ||
| 105 | _aa|||z|||000yy | ||
| 200 | 1 |
_aРоссийское общество 2010-х годов _eсвязь времен и поколений _eмонография _e[сборник статей] _fМ-во образования и науки Рос. Федерации, Федер. гос. бюджет. образоват. учреждение высш. проф. образования "Казан. нац. исслед. техн. ун-т им. А.Н. Туполева-КАИ", ГОУ ВПО "Альмет. гос. нефтяной ин-т" _gнауч. ред. и сост.: к.социол.н., доц. О.А. Максимова |
|
| 210 |
_aКазань _cИзд-во Казанского государственного технического университета (КНИТУ - КАИ) _d2014 |
||
| 215 |
_a466, [1] с. _cил. _d20 |
||
| 320 | _aБиблиогр.: с. 458-464 (109 назв.) и в подстроч. примеч. | ||
| 606 | 1 |
_aПоколения в обществе _xСоциологические исследования _91714625 _3RU\NLR\AUTH\661061985 |
|
| 610 | 0 | _aроссийское общество | |
| 686 | 1 | _aС550.325 | |
| 702 | 1 |
_4340 _8rus _7ca _aМаксимова _bО. А. _cканд. социол. наук _gОльга Александровна _3RU\NLR\AUTH\7782685 _965613 |
|
| 712 | 0 | 2 |
_4570 _aКазанский национальный исследовательский технический университет им. А. Н. Туполева - КАИ _3RU\NLR\AUTH\8810207920 _9303087 |
| 801 | 0 |
_aRU _bРГБ _c20140901 _gRCR |
|
| 942 | _cBOOK | ||
| 980 | _aNBR | ||